00451nam a2200193Ia 4500003000900000008004100009040001300050040001300063041000800076100002300084245003200107250001200139260002100151260000900172300001100181300001000192490000600202600004900208IT-RoPAU120407s9999 xx 000 0 und d aIT-RoPAU cIT-RoPAU aita aGiovanni Benedetti 2aA servizio della comunità€ aFoligno aMancini e Valeri c1985 a246 p. c24 cm v1 aDieci anni di ministero episcopale 1975-1985